[Event "Mondiale Lampo FIDE 2019"]
[Site "Mosca"]
[Date "30.12.2019"]
[Round "13.33"]
[White "Predke, Alexandr"]
[Black "Morozevich, Alexander"]
[Result "0-1"]
[WhiteTitle "GM"]
[BlackTitle "GM"]
[WhiteElo "2676"]
[BlackElo "2659"]
[WhiteFideId "24107581"]
[BlackFideId "4116992"]
[EventDate "2019.12.29"]

1. e4 d6 2. d4 Nf6 3. Nc3 Nbd7 4. Nf3 e5 5. Bc4 Be7 6. O-O O-O 7. Re1 c6 8. a4
a5 9. h3 Nb6 10. Bf1 exd4 11. Nxd4 d5 12. e5 Ne8 13. Qf3 g6 14. Bh6 Ng7 15. Rad1
Nd7 16. Qe3 Nc5 17. Kh1 Re8 18. Bxg7 Kxg7 19. f4 Kh8 20. Qf3 Ne6 21. Nce2 Ng7
22. Ng3 Bh4 23. c4 Be6 24. b3 Qb6 25. Re3 Bxg3 26. Qxg3 Rad8 27. Ree1 Rd7 28.
Qh4 Qd8 29. Qxd8 Rexd8 30. c5 Nf5 31. Nxf5 Bxf5 32. Rd4 h5 33. Bd3 Bxd3 34. Rxd3
h4 35. Kg1 Kg7 36. Kf2 Re7 37. Ke3 f6 38. Kd4 fxe5+ 39. fxe5 Rf8 40. Rf3 Rxf3
41. gxf3 g5 42. Rg1 Kh6 43. Rg4 Kh5 44. f4 gxf4 45. Rxf4 Kg5 46. Rf8 Kg6 47. Rh8
Rf7 48. Rxh4 Rf3 49. Rg4+ Kf7 50. h4 Rxb3 51. Rg1 Rb4+ 52. Kd3 Rxh4 53. Rb1 Rb4
54. Rh1 Ke6 55. Rh5 Rxa4 0-1

[Event "Mondiale Lampo FIDE 2019"]
[Site "Mosca"]
[Date "30.12.2019"]
[Round "13.34"]
[White "Xu, Yinglun"]
[Black "Karjakin, Sergey"]
[Result "0-1"]
[WhiteTitle "GM"]
[BlackTitle "GM"]
[WhiteElo "2555"]
[BlackElo "2754"]
[WhiteFideId "8604940"]
[BlackFideId "14109603"]
[EventDate "2019.12.29"]

1. d4 Nf6 2. c4 e6 3. Nf3 d5 4. Nc3 Bb4 5. Bg5 h6 6. Bxf6 Qxf6 7. Qb3 c5 8. cxd5
exd5 9. dxc5 Bxc3+ 10. Qxc3 Qxc3+ 11. bxc3 Na6 12. Rd1 Be6 13. e4 dxe4 14. Bxa6
bxa6 15. Nd4 Bxa2 16. Nf5 O-O 17. Kd2 Rab8 18. Nd6 a5 19. Ke3 a4 20. c6 Rb6 21.
c7 Be6 22. Rd4 Rc6 23. Ra1 Rxc3+ 24. Kxe4 Rxc7 25. Raxa4 Rb8 26. Rd2 Rb6 27. Ra5
Rd7 28. Ke5 Bb3 29. Rd3 f6+ 0-1

[Event "Mondiale Lampo FIDE 2019"]
[Site "Mosca"]
[Date "30.12.2019"]
[Round "13.35"]
[White "Svidler, Peter"]
[Black "Yuffa, Daniil"]
[Result "1-0"]
[WhiteTitle "GM"]
[BlackTitle "GM"]
[WhiteElo "2723"]
[BlackElo "2566"]
[WhiteFideId "4102142"]
[BlackFideId "24131423"]
[EventDate "2019.12.29"]

1. Nf3 d6 2. d4 Nf6 3. c4 g6 4. g3 Bg7 5. Bg2 O-O 6. Nc3 Nc6 7. O-O e5 8. dxe5
Nxe5 9. Nxe5 dxe5 10. Qxd8 Rxd8 11. Bg5 Rd4 12. Nd5 Nxd5 13. cxd5 e4 14. Rfd1
Bf5 15. Rxd4 Bxd4 16. Rc1 Be5 17. b3 f6 18. Bf4 Bxf4 19. gxf4 Rd8 20. e3 Rxd5
21. f3 exf3 22. Bxf3 Rd3 23. Rxc7 Rxe3 24. Bxb7 a5 25. Bd5+ Kh8 26. Ra7 Rd3 27.
Rxa5 Rd4 28. a4 Rxf4 29. Rc5 Bh3 30. Bc4 Rd4 31. Kf2 Rd2+ 32. Kg3 Bf5 33. a5 Ra2
34. b4 Ra4 35. a6 Be4 36. b5 g5 37. Kf2 f5 38. b6 Rb4 39. Rb5 Rxc4 40. b7 Rc2+
41. Ke3 Rc3+ 1-0

[Event "Mondiale Lampo FIDE 2019"]
[Site "Mosca"]
[Date "30.12.2019"]
[Round "13.36"]
[White "Andriasian, Zaven"]
[Black "Khusnutdinov, Rustam"]
[Result "1-0"]
[WhiteTitle "GM"]
[BlackTitle "GM"]
[WhiteElo "2611"]
[BlackElo "2491"]
[WhiteFideId "13302000"]
[BlackFideId "13701703"]
[EventDate "2019.12.29"]

1. e4 e6 2. d3 c5 3. Nd2 Nc6 4. Ngf3 g6 5. h4 Nf6 6. g3 Bg7 7. Bg2 O-O 8. O-O d5
9. Qe2 e5 10. exd5 Nxd5 11. c3 Bg4 12. Re1 Re8 13. Qf1 b6 14. Nh2 Be6 15. h5
gxh5 16. Ndf3 Bf5 17. Nh4 Bg6 18. Be4 Qd7 19. Qg2 Rad8 20. Bg5 Nce7 21. Rad1 Nf6
22. Qf3 Qe6 23. Nf1 Nxe4 24. dxe4 Rxd1 25. Rxd1 f6 26. Bc1 Qg4 27. Qxg4 hxg4 28.
Nxg6 hxg6 29. Rd7 Nc6 30. Ne3 Kf8 31. Rc7 Nd8 32. Nxg4 Re7 33. Rc8 Rd7 34. Ne3
Kf7 35. Kf1 Ne6 36. Ke2 Rc7 37. Ra8 c4 38. Nd5 Rd7 39. Be3 Bf8 40. f4 1-0

[Event "Mondiale Lampo FIDE 2019"]
[Site "Mosca"]
[Date "30.12.2019"]
[Round "13.37"]
[White "Kamsky, Gata"]
[Black "Alekseenko, Kirill"]
[Result "1/2-1/2"]
[WhiteTitle "GM"]
[BlackTitle "GM"]
[WhiteElo "2677"]
[BlackElo "2704"]
[WhiteFideId "2000024"]
[BlackFideId "4135539"]
[EventDate "2019.12.29"]

1. d4 Nf6 2. Nf3 e6 3. Bf4 c5 4. e3 Nc6 5. c3 Nh5 6. Bg3 Qb6 7. Qb3 Nxg3 8. hxg3
d5 9. Nbd2 Bd7 10. g4 g6 11. g5 Bg7 12. Qa3 Bf8 13. Qb3 Bg7 14. Qa3 cxd4 15.
exd4 O-O-O 16. Qb3 Qc7 17. Bb5 Kb8 18. Bxc6 Bxc6 19. O-O-O Qa5 20. Kb1 Ba4 21.
Qa3 Bf8 22. b4 Bc2+ 23. Kb2 Qxa3+ 24. Kxa3 Bxd1 25. Rxd1 Bd6 26. Rh1 Kc7 27. Kb3
Kd7 28. Ne5+ Ke7 29. f4 h6 30. gxh6 Rdg8 31. Ndf3 f6 32. Nd3 Rh7 33. g4 g5 34.
fxg5 fxg5 35. Nde5 Kf6 36. c4 dxc4+ 37. Kxc4 Rgh8 38. Rf1 Rc8+ 39. Kb3 Bxe5 40.
Nxe5+ Ke7 41. Rh1 b5 42. a4 a6 43. axb5 axb5 44. Rh5 Kf6 45. Rh3 Rc1 46. Kb2 Rf1
47. Kc3 Ke7 48. Kd3 Rf6 49. Rh5 Rhxh6 50. Rxg5 Rh3+ 51. Ke4 Rh7 52. Rg8 Rf1 53.
Rb8 Rh2 54. Rb7+ Ke8 55. Rxb5 Re2+ 56. Kd3 Rb2 57. Rb6 Ke7 58. Rb7+ Kd8 59. g5
Rfb1 60. Kc4 Rc1+ 61. Kd3 Rcb1 62. g6 Rb3+ 63. Kc4 Rg3 64. g7 Rbg1 65. Nf7+ Kc8
66. Nd6+ Kd8 67. Nf7+ Kc8 68. Nd6+ Kd8 1/2-1/2

[Event "Mondiale Lampo FIDE 2019"]
[Site "Mosca"]
[Date "30.12.2019"]
[Round "13.38"]
[White "Jakovenko, Dmitry"]
[Black "Donchenko, Alexander"]
[Result "1-0"]
[WhiteTitle "GM"]
[BlackTitle "GM"]
[WhiteElo "2698"]
[BlackElo "2644"]
[WhiteFideId "4122356"]
[BlackFideId "24603295"]
[EventDate "2019.12.29"]

1. Nf3 Nf6 2. g3 b6 3. Bg2 Bb7 4. O-O g6 5. b3 Bg7 6. Bb2 O-O 7. c4 e6 8. Nc3 d5
9. cxd5 exd5 10. d4 Re8 11. Rc1 Nbd7 12. e3 Qe7 13. Nb5 Ba6 14. Nxc7 Bxf1 15.
Qxf1 Ne4 16. Nxd5 Qd6 17. Nc7 Rac8 18. Nxe8 Rxe8 19. Qc4 Qe7 20. Qc7 Nxf2 21.
Ne5 Bxe5 22. dxe5 Nd3 23. Rd1 N7xe5 24. Qxe7 Rxe7 25. Bd4 Nc5 26. b4 Ncd7 27.
Rc1 Re8 28. Rc7 a5 29. b5 Rd8 30. Bc6 Nxc6 31. bxc6 Nc5 32. Bf6 1-0

[Event "Mondiale Lampo FIDE 2019"]
[Site "Mosca"]
[Date "30.12.2019"]
[Round "13.39"]
[White "Cheparinov, Ivan"]
[Black "Nozdrachev, Vladislav"]
[Result "0-1"]
[WhiteTitle "GM"]
[BlackTitle "IM"]
[WhiteElo "2687"]
[BlackElo "2494"]
[WhiteFideId "2905540"]
[BlackFideId "24113441"]
[EventDate "2019.12.29"]

1. d4 Nf6 2. c4 e6 3. Nf3 d5 4. Nc3 Be7 5. Bf4 O-O 6. e3 c5 7. dxc5 Bxc5 8. Qc2
Nc6 9. Rd1 Qa5 10. a3 Re8 11. Nd2 e5 12. Bg5 Nd4 13. Qb1 Bf5 14. Bd3 Bxd3 15.
Qxd3 Ne4 16. Nxd5 Nxg5 17. b4 Qd8 18. bxc5 Nde6 19. Qf5 Nxc5 20. h4 Nge6 21. Nf3
f6 22. h5 h6 23. Rh4 Ng5 24. Nxg5 fxg5 25. Rh3 e4 26. Kf1 b6 27. f4 Rf8 28. Qe5
g4 29. Ne7+ Kf7 30. Rxd8 Raxd8 31. Qf5+ Kxe7 32. Qxg4 Rf7 33. Kg1 Rd3 34. Qc8
Rxa3 35. Rg3 Rd3 36. Rg6 Rxe3 37. Qc7+ Ke8 38. Qb8+ Ke7 39. Qxa7+ Nd7 40. Qc7
Rd3 41. f5 Rxf5 42. Rxg7+ Rf7 43. Rxf7+ Kxf7 44. Qf4+ Nf6 45. Qxh6 Rd1+ 46. Kf2
Ng4+ 47. Ke2 Nxh6 48. Kxd1 Kf6 49. Ke2 Ke5 50. Ke3 Nf5+ 51. Ke2 Kf4 52. Kf2 e3+
53. Ke2 Ng3+ 54. Kd3 Nxh5 55. g4 Ng3 56. g5 e2 57. Kd2 Kxg5 0-1

[Event "Mondiale Lampo FIDE 2019"]
[Site "Mosca"]
[Date "30.12.2019"]
[Round "13.40"]
[White "Smirin, Ilia"]
[Black "Inarkiev, Ernesto"]
[Result "1/2-1/2"]
[WhiteTitle "GM"]
[BlackTitle "GM"]
[WhiteElo "2607"]
[BlackElo "2663"]
[WhiteFideId "2801990"]
[BlackFideId "4162722"]
[EventDate "2019.12.29"]

1. e4 c5 2. Nf3 Nc6 3. Bb5 g6 4. c3 Nf6 5. Qe2 Bg7 6. O-O O-O 7. d4 d5 8. e5 Ne4
9. Rd1 cxd4 10. cxd4 f6 11. Nc3 Nxc3 12. bxc3 Bg4 13. e6 Qd6 14. Re1 Nd8 15. Bd7
Nc6 16. a4 Rfd8 17. Ba3 Qc7 18. h3 Bxf3 19. Qxf3 Rxd7 20. exd7 Qxd7 21. a5 e5
22. dxe5 fxe5 23. Bc5 Rd8 24. Qe3 d4 25. cxd4 exd4 26. Qb3+ Qf7 27. Qd3 Ne5 28.
Qg3 Qd5 29. Bxa7 d3 30. Bb6 Rd7 31. Rad1 Bf6 32. Qe3 Kg7 33. Qc5 Nc4 34. Qxd5
Rxd5 35. Re4 Nb2 36. Rd2 Bc3 37. Be3 Kf7 38. Rxb2 Bxb2 39. Bd2 Bd4 40. Kf1 Rd7
41. g4 Bf6 42. f4 Bd4 43. Kg2 b6 44. a6 Bc5 45. Ra4 Ra7 46. Kf3 Ke6 47. Ke4 Kd6 1/2-1/2

[Event "Mondiale Lampo FIDE 2019"]
[Site "Mosca"]
[Date "30.12.2019"]
[Round "13.41"]
[White "Vastrukhin, Oleg"]
[Black "Paravyan, David"]
[Result "0-1"]
[WhiteTitle "IM"]
[BlackTitle "GM"]
[WhiteElo "2428"]
[BlackElo "2629"]
[WhiteFideId "4192770"]
[BlackFideId "4194985"]
[EventDate "2019.12.29"]

1. e4 c5 2. Nc3 Nc6 3. Nge2 g6 4. d3 Bg7 5. Be3 Nd4 6. Qd2 d6 7. Nd1 b5 8. c3
Nc6 9. d4 Nf6 10. f3 Nd7 11. dxc5 dxc5 12. Nf2 O-O 13. h4 b4 14. h5 Nde5 15.
Qxd8 Rxd8 16. Bxc5 Nc4 17. hxg6 hxg6 18. cxb4 Rb8 19. Rd1 Rxd1+ 20. Nxd1 Nxb4
21. Bxb4 Rxb4 22. b3 Nb6 23. Nf4 a5 24. Nd5 Nxd5 25. exd5 e6 26. Bc4 exd5 27.
Bxd5 a4 28. Ne3 axb3 29. Bxb3 Rb8 30. Nd5 Be6 31. Kf2 Rxb3 32. axb3 Bxd5 33. b4
Kf8 34. b5 Ke7 35. Ke3 Kd6 36. b6 Kc6 37. Rb1 Kb7 38. g4 Bf8 39. Kd4 Be6 40. g5
Bd6 41. Ke4 Bc5 42. f4 Bf5+ 0-1

[Event "Mondiale Lampo FIDE 2019"]
[Site "Mosca"]
[Date "30.12.2019"]
[Round "13.42"]
[White "Fridman, Daniel"]
[Black "Timofeev, Artyom"]
[Result "1-0"]
[WhiteTitle "GM"]
[BlackTitle "GM"]
[WhiteElo "2616"]
[BlackElo "2588"]
[WhiteFideId "11600454"]
[BlackFideId "4140419"]
[EventDate "2019.12.29"]

1. Nf3 d5 2. g3 Nf6 3. Bg2 g6 4. O-O Bg7 5. d4 O-O 6. c4 e6 7. Nc3 b6 8. Ne5 Bb7
9. Bg5 h6 10. Bxf6 Bxf6 11. f4 Bg7 12. e3 c6 13. Qa4 a6 14. Qb3 b5 15. cxd5 exd5
16. e4 Nd7 17. exd5 c5 18. dxc5 Nxc5 19. Qb4 Qb6 20. Qd4 Na4 21. Qxb6 Nxb6 22.
d6 Bxg2 23. Kxg2 Bxe5 24. fxe5 Nc4 25. Rfe1 Rfe8 26. Nd5 Rxe5 27. Rxe5 Nxe5 28.
Re1 Nd3 29. Re7 Kf8 30. b4 Rd8 31. d7 Nb2 32. Kf3 Nc4 33. Ke4 a5 34. Kd4 axb4
35. Kc5 Na5 1-0

[Event "Mondiale Lampo FIDE 2019"]
[Site "Mosca"]
[Date "30.12.2019"]
[Round "13.43"]
[White "Alonso Rosell, Alvar"]
[Black "Rakhmanov, Aleksandr"]
[Result "0-1"]
[WhiteTitle "GM"]
[BlackTitle "GM"]
[WhiteElo "2548"]
[BlackElo "2645"]
[WhiteFideId "2270544"]
[BlackFideId "4173708"]
[EventDate "2019.12.29"]

1. c4 e5 2. Nc3 Bb4 3. g3 Bxc3 4. dxc3 Nc6 5. Bg2 Nge7 6. e4 d6 7. Nf3 O-O 8.
Nd2 f5 9. exf5 Bxf5 10. Nf1 Qd7 11. h3 Bg6 12. Ne3 b6 13. h4 h6 14. Qg4 Qxg4 15.
Nxg4 a5 16. Ne3 a4 17. Nd5 Ra7 18. Be3 Bd3 19. Nxe7+ Nxe7 20. Bf1 Bxf1 21. Rxf1
Nc6 22. Ke2 Raa8 23. Rab1 Kf7 24. Kd3 Ke6 25. f4 h5 26. Rf2 Rf5 27. Rbf1 Raf8
28. b3 axb3 29. axb3 Ra8 30. fxe5 Nxe5+ 31. Ke4 Rxf2 32. Rxf2 Ra3 33. Rb2 Ra1
34. Rf2 Re1 35. Kf4 Nd3+ 0-1

[Event "Mondiale Lampo FIDE 2019"]
[Site "Mosca"]
[Date "30.12.2019"]
[Round "13.44"]
[White "Sakaev, Konstantin"]
[Black "Bocharov, Dmitry"]
[Result "1-0"]
[WhiteTitle "GM"]
[BlackTitle "GM"]
[WhiteElo "2596"]
[BlackElo "2524"]
[WhiteFideId "4104226"]
[BlackFideId "4138716"]
[EventDate "2019.12.29"]

1. d4 Nf6 2. c4 e6 3. g3 d5 4. Nf3 Bb4+ 5. Bd2 Be7 6. Bg2 O-O 7. O-O Nbd7 8. Qc2
Ne4 9. Bf4 c6 10. h4 b6 11. Nbd2 Nxd2 12. Nxd2 Bb7 13. e4 dxc4 14. Nxc4 c5 15.
d5 exd5 16. exd5 Bf6 17. Rfe1 Ba6 18. Nd6 c4 19. Ne4 Nc5 20. Nxc5 bxc5 21. Be5
Re8 22. Bxf6 Qxf6 23. Qa4 Reb8 24. d6 Bb5 25. Qd1 g6 26. Bxa8 Rxa8 27. Qd5 Rc8
28. Rad1 Bc6 29. d7 Rd8 30. Re8+ Kg7 31. Qe5 Rxd7 32. Rxd7 Bxd7 33. Rg8+ 1-0

[Event "Mondiale Lampo FIDE 2019"]
[Site "Mosca"]
[Date "30.12.2019"]
[Round "13.45"]
[White "Hansen, Eric"]
[Black "Adhiban, Baskaran"]
[Result "1/2-1/2"]
[WhiteTitle "GM"]
[BlackTitle "GM"]
[WhiteElo "2606"]
[BlackElo "2654"]
[WhiteFideId "2606771"]
[BlackFideId "5018471"]
[EventDate "2019.12.29"]

1. e4 c5 2. Nf3 Nc6 3. Bb5 g6 4. Bxc6 bxc6 5. O-O Bg7 6. Re1 Qc7 7. c3 d6 8. h3
Nf6 9. d4 cxd4 10. cxd4 O-O 11. Nc3 c5 12. e5 dxe5 13. dxe5 Rd8 14. Qe2 Nd5 15.
Ne4 Nb4 16. Bg5 h6 17. Bh4 Ba6 18. Qe3 Rac8 19. Bg3 Nc2 20. Qb3 Nxa1 21. Rxa1
Rd3 22. Qc2 Qc6 23. Re1 c4 24. Qc1 Rcd8 25. Bh4 R8d7 26. e6 fxe6 27. Bg3 Qxe4
28. Rxe4 Rd1+ 29. Qxd1 Rxd1+ 30. Kh2 Bxb2 31. Rxe6 Bb7 32. Rxe7 Bxf3 33. gxf3 c3
34. Rc7 Kf8 35. Be5 Rd3 36. Kg2 Ba1 37. h4 h5 38. a4 a6 39. Bf6 Ke8 40. a5 Bb2
41. Be5 Ba1 42. Bf6 Kf8 43. Be5 Ke8 44. Bf6 Bb2 45. Be5 Rd5 46. Bxc3 Bxc3 47.
Rxc3 Rxa5 48. Rc6 Kf7 49. Rc7+ Kf6 50. Rc6+ Kf5 51. Kg3 Ra4 52. Rc5+ Kf6 53.
Rc6+ Kg7 54. Rc7+ Kh6 55. Ra7 a5 56. f4 Ra3+ 57. f3 Ra1 58. Ra6 Kg7 59. f5 gxf5
60. Kf4 a4 61. Kxf5 a3 62. Kg5 Kf7 63. Kxh5 a2 64. Kh6 Rh1 65. Rxa2 Rxh4+ 66.
Kg5 Rb4 67. Ra7+ Kf8 68. f4 Rb6 69. f5 Rc6 70. f6 Rc1 71. Kg6 Rd1 1/2-1/2

[Event "Mondiale Lampo FIDE 2019"]
[Site "Mosca"]
[Date "30.12.2019"]
[Round "13.46"]
[White "Sanal, Vahap"]
[Black "Zvjaginsev, Vadim"]
[Result "1/2-1/2"]
[WhiteTitle "GM"]
[BlackTitle "GM"]
[WhiteElo "2549"]
[BlackElo "2627"]
[WhiteFideId "6300545"]
[BlackFideId "4113403"]
[EventDate "2019.12.29"]

1. e4 c5 2. Nc3 Nc6 3. Bb5 Nd4 4. Nf3 a6 5. Bd3 Nc6 6. a3 e6 7. O-O Nge7 8. Re1
Ng6 9. Bf1 Be7 10. d4 cxd4 11. Nxd4 O-O 12. Be3 b5 13. a4 b4 14. Nxc6 dxc6 15.
Ne2 c5 16. Nc1 Bb7 17. f3 Qc7 18. Qe2 Rac8 19. Qf2 c4 20. Ne2 Bc5 21. a5 Rfd8
22. Nd4 Ne7 23. c3 e5 24. Nc2 bxc3 25. bxc3 Ng6 26. Bxc5 Qxc5 27. Qxc5 Rxc5 28.
Ne3 Nf4 29. Bxc4 g6 30. g3 Ne6 31. Bd5 Bxd5 32. Nxd5 Rb8 33. Nf6+ Kg7 34. Nd7
Rb2 35. Nxc5 Nxc5 36. Red1 Ne6 37. Rdb1 Rc2 38. Rc1 Rb2 39. h4 g5 40. Rcb1 Rc2
41. Rc1 Rb2 42. h5 g4 43. fxg4 Ng5 44. Kf1 Nf3 45. Re1 Nh2+ 46. Kg1 Nf3+ 47. Kf1
Nh2+ 48. Kg1 Nf3+ 1/2-1/2

[Event "Mondiale Lampo FIDE 2019"]
[Site "Mosca"]
[Date "30.12.2019"]
[Round "13.47"]
[White "Sasikiran, Krishnan"]
[Black "Frolyanov, Dmitry"]
[Result "1-0"]
[WhiteTitle "GM"]
[BlackTitle "GM"]
[WhiteElo "2656"]
[BlackElo "2556"]
[WhiteFideId "5004985"]
[BlackFideId "4151976"]
[EventDate "2019.12.29"]

1. e4 c5 2. Nf3 Nc6 3. Nc3 e5 4. Bc4 Be7 5. d3 d6 6. O-O Nf6 7. Ng5 O-O 8. f4
exf4 9. Bxf4 Bg4 10. Qd2 Nd4 11. h3 Bh5 12. Be3 h6 13. Nf3 Bxf3 14. gxf3 Kh7 15.
f4 Nh5 16. Qg2 f5 17. Bxd4 cxd4 18. Ne2 Rf6 19. Kh2 Qe8 20. exf5 Rxf5 21. Nxd4
Rxf4 22. Rxf4 Nxf4 23. Qe4+ Ng6 24. Ne6 d5 25. Bxd5 Bd6+ 26. Kh1 Qe7 27. Rg1 Qf6
28. Qg4 Re8 29. d4 Kh8 30. Qxg6 Rxe6 31. Bxe6 Qf3+ 32. Qg2 1-0

[Event "Mondiale Lampo FIDE 2019"]
[Site "Mosca"]
[Date "30.12.2019"]
[Round "13.48"]
[White "Perunovic, Milos"]
[Black "Potapov, Pavel"]
[Result "1/2-1/2"]
[WhiteTitle "GM"]
[BlackTitle "GM"]
[WhiteElo "2589"]
[BlackElo "2482"]
[WhiteFideId "921629"]
[BlackFideId "4169786"]
[EventDate "2019.12.29"]

1. e4 c5 2. Nc3 Nc6 3. Bb5 Nd4 4. Nf3 a6 5. Bc4 e6 6. Nxd4 cxd4 7. Ne2 b5 8. Bb3
Qb6 9. O-O Bb7 10. d3 Nf6 11. Kh1 Be7 12. f4 d6 13. f5 e5 14. Qe1 d5 15. Ng3
dxe4 16. Nxe4 Qc6 17. Qg3 Nxe4 18. dxe4 Bf6 19. Re1 O-O 20. Bd2 a5 21. a4 b4 22.
Qf3 Kh8 23. g3 Rad8 24. Rad1 Qd7 25. Bc1 Bc6 26. Bc4 Bxa4 27. b3 Bb5 28. Bd5 Bc6
29. Bc4 Bb5 30. Bd5 Bc6 1/2-1/2

[Event "Mondiale Lampo FIDE 2019"]
[Site "Mosca"]
[Date "30.12.2019"]
[Round "13.49"]
[White "Turov, Maxim"]
[Black "Vallejo Pons, Francisco"]
[Result "0-1"]
[WhiteTitle "GM"]
[BlackTitle "GM"]
[WhiteElo "2574"]
[BlackElo "2704"]
[WhiteFideId "4120086"]
[BlackFideId "2205530"]
[EventDate "2019.12.29"]

1. d4 d5 2. c4 e6 3. Nc3 a6 4. cxd5 exd5 5. Nf3 c6 6. Bf4 Bd6 7. Bg3 Ne7 8. e3
Nf5 9. Bd3 Nxg3 10. hxg3 Nd7 11. Qc2 Nf6 12. O-O-O g6 13. Kb1 Be6 14. Rc1 Qe7
15. Na4 O-O 16. Ng5 Kg7 17. Nxe6+ Qxe6 18. Nc3 Rae8 19. Ne2 Ng4 20. Nf4 Bxf4 21.
gxf4 f5 22. Rhf1 Re7 23. Be2 Nf6 24. Bf3 Ra8 25. Rh1 a5 26. Qd3 h5 27. Rc2 Ne8
28. Qd1 Qf7 29. Be2 Nd6 30. Bd3 Ree8 31. Rc1 a4 32. Qc2 Rec8 33. a3 b5 34. Rce1
Nc4 35. f3 Rab8 36. g4 b4 37. Bxc4 bxa3 38. Qxa4 Rxb2+ 39. Ka1 dxc4 40. Rb1 c3
41. Qxa3 Rcb8 42. gxf5 Qb7 43. f6+ Kxf6 44. Rxb2 Qxb2+ 45. Qxb2 cxb2+ 46. Kb1
Rb3 47. Re1 h4 48. Rh1 g5 49. fxg5+ Kxg5 50. Rg1+ Kh5 51. f4 Rxe3 52. Kxb2 h3
53. Rg8 Rf3 54. Rh8+ Kg4 55. Kc2 Kg3 56. Rh6 Rxf4 0-1

[Event "Mondiale Lampo FIDE 2019"]
[Site "Mosca"]
[Date "30.12.2019"]
[Round "13.50"]
[White "Kazhgaleyev, Murtas"]
[Black "Afanasiev, Nikita"]
[Result "1-0"]
[WhiteTitle "GM"]
[BlackTitle "IM"]
[WhiteElo "2569"]
[BlackElo "2517"]
[WhiteFideId "13700316"]
[BlackFideId "24183555"]
[EventDate "2019.12.29"]

1. d4 e6 2. c4 b6 3. e4 Bb7 4. Bd3 Bb4+ 5. Kf1 Bf8 6. Nc3 g6 7. h4 h6 8. Nf3 Bg7
9. Qe2 d6 10. Bd2 Nd7 11. d5 Qe7 12. dxe6 Qxe6 13. Nb5 Kd8 14. Nbd4 Qe7 15. Bc3
Ngf6 16. h5 Re8 17. hxg6 fxg6 18. Re1 Ne5 19. Nxe5 dxe5 20. Nc2 c6 21. Bd2 Rh8
22. c5 Kc7 23. Rh3 Bc8 24. Rg3 g5 25. Bb4 Qf7 26. Ne3 Nh5 27. Rf3 Nf4 28. Qc2 b5
29. Ba5+ Kb8 30. Nf5 Qh5 31. Kg1 Bf6 32. Qb3 Be6 33. Qb4 a6 34. a4 Rh7 35. axb5
axb5 36. Bxb5 cxb5 37. Qxb5+ Rb7 38. Bb6 Qg4 39. Rg3 Bxf5 40. Qe8+ Bc8 41. Rxg4
Rd7 42. Rg3 Kb7 43. Rb3 Kc6 44. Qf8 Be7 45. Qxh6+ 1-0

[Event "Mondiale Lampo FIDE 2019"]
[Site "Mosca"]
[Date "30.12.2019"]
[Round "13.51"]
[White "Salgado Lopez, Ivan"]
[Black "Gajewski, Grzegorz"]
[Result "0-1"]
[WhiteTitle "GM"]
[BlackTitle "GM"]
[WhiteElo "2605"]
[BlackElo "2626"]
[WhiteFideId "2257327"]
[BlackFideId "1116207"]
[EventDate "2019.12.29"]

1. e4 c5 2. Nf3 e6 3. g3 Nc6 4. Bg2 Nf6 5. Qe2 Be7 6. O-O O-O 7. Rd1 e5 8. c3
Re8 9. d3 d6 10. Nbd2 Bf8 11. a4 d5 12. exd5 Nxd5 13. Nc4 f6 14. Nfd2 Be6 15. a5
Qd7 16. Ne4 Bg4 17. f3 Be6 18. Qf2 Rac8 19. Ne3 Nc7 20. Qe2 Rcd8 21. Nf2 Bb3 22.
Re1 Nd4 23. Qf1 Nc6 24. Nc4 Qf7 25. Ra3 Bxc4 26. dxc4 f5 27. Ra1 Ne6 28. Nd1 g6
29. Ne3 Nc7 30. Nc2 Bg7 31. Qf2 b6 32. axb6 axb6 33. Bg5 Bf6 34. Bc1 Qxc4 35.
Ne3 Qf7 36. Bf1 b5 37. Nc2 c4 38. Qb6 Qd7 39. Ne3 Rb8 40. Qc5 Be7 41. Rd1 Qxd1
42. Qxc6 Qd6 43. Qxd6 Bxd6 44. Nc2 Bc5+ 45. Kg2 Ra8 46. Rb1 Kg7 47. h4 h6 48.
Be2 Red8 49. Ne3 Nd5 50. Nc2 Ra2 51. Bd2 Nb6 52. Bc1 Na4 53. Ra1 Rxa1 54. Nxa1
Bb6 55. Nc2 Bc5 56. Kf1 Rd7 57. Kg2 Rd6 58. Kf1 Rd5 59. Kg2 Rd7 60. Kf1 Bd6 61.
Kf2 Nc5 62. Be3 Nd3+ 63. Bxd3 cxd3 64. Ne1 e4 65. Bd4+ Kf7 66. fxe4 fxe4 67. Ng2
Ke6 68. g4 Kd5 69. Ne3+ Kc6 70. h5 Rf7+ 71. Ke1 Bg3+ 72. Kd1 gxh5 73. gxh5 Bf2
74. Kd2 Bxe3+ 75. Kxe3 Kd5 76. b3 Rf3+ 0-1

[Event "Mondiale Lampo FIDE 2019"]
[Site "Mosca"]
[Date "30.12.2019"]
[Round "13.52"]
[White "Petrosian, Tigran L."]
[Black "Bartel, Mateusz"]
[Result "0-1"]
[WhiteTitle "GM"]
[BlackTitle "GM"]
[WhiteElo "2601"]
[BlackElo "2634"]
[WhiteFideId "13301616"]
[BlackFideId "1112635"]
[EventDate "2019.12.29"]

1. Nf3 d5 2. g3 Nd7 3. Bg2 e5 4. O-O Ngf6 5. d3 Bd6 6. c4 c6 7. b3 O-O 8. Bb2
Re8 9. e3 a6 10. Nc3 b5 11. Qc2 Bb7 12. Rfd1 Rc8 13. d4 e4 14. Nd2 Qe7 15. c5
Bc7 16. b4 Qe6 17. a4 Bb8 18. axb5 axb5 19. Nb3 h5 20. Na5 Ba8 21. Nc4 bxc4 22.
Rxa8 h4 23. Ra6 Qf5 24. Qe2 Nh7 25. b5 cxb5 26. g4 Qg5 27. Nxb5 h3 28. Bf1 Ndf6
29. Kh1 Qh4 30. Nd6 Nxg4 31. Rd2 Ng5 32. Rc2 Nf3 33. Nf5 Qh5 34. Ng3 Qh4 35. Nf5
Qh7 36. Ng3 Ngxh2 37. c6 Bxg3 38. fxg3 Nxf1 39. Qxf1 Re6 40. Qa1 Qg6 41. Ra8
Rxc6 42. Rxc8+ Rxc8 0-1

[Event "Mondiale Lampo FIDE 2019"]
[Site "Mosca"]
[Date "30.12.2019"]
[Round "13.53"]
[White "Antipov, Mikhail Al."]
[Black "Popov, Ivan RUS"]
[Result "1-0"]
[WhiteTitle "GM"]
[BlackTitle "GM"]
[WhiteElo "2549"]
[BlackElo "2636"]
[WhiteFideId "4107012"]
[BlackFideId "4170350"]
[EventDate "2019.12.29"]

1. e4 c5 2. Nf3 Nc6 3. Bb5 e5 4. c3 Nf6 5. O-O Nxe4 6. Re1 Nd6 7. Nxe5 Be7 8.
Bf1 O-O 9. d4 cxd4 10. cxd4 Nf5 11. Nf3 d5 12. Nc3 Bf6 13. Be3 Nxe3 14. fxe3 Be6
15. g3 Re8 16. Bg2 Rc8 17. Qd2 Be7 18. Rac1 Na5 19. Ne5 Bf6 20. Nd3 Nc4 21. Qf2
Bg5 22. h4 Bh6 23. b3 Nb6 24. Nc5 Rc7 25. Ne2 Nd7 26. Nxd7 Rxc1 27. Rxc1 Bxd7
28. Nf4 Bc6 29. Rc5 Bxf4 30. Qxf4 Qd7 31. Kh2 b6 32. Rc2 f6 33. Bh3 Qb7 34. Qd6
Bb5 35. a4 Bd3 36. Rc7 Qa8 37. Qd7 1-0